00566nam a22001697a 4500008004100000020001800041050002000059100002700079245012200106260002700228300002800255521003300283700002100316700002100337700002100358700001700379170114b xxu||||| |||| 00| 0 eng d a9781269267830 aHA 29 .K87 2014 aKursh, Steve R.d2014. aPearson custom:bBusiness resources/cSteven R. Kursh, Theresa K. Lant, karl D. Majeske, James M. Olver, Robert Plant aU.S.A:bPearson,c2014 aii,868p.:bill.;c27cm. aIncludes appendix and index. aLant, Theresa K. aMajeske, Karl D. aOliver, James M. aPlant Robert